[Event "Challenge"]
[Site "http://www.queenalice.com/game.php?id=956997"]
[Date "2011.7.5"]
[Round "-"]
[White "acandidojr"]
[Black "Tuco"]
[Result "1-0"]
[WhiteElo "1617"]
[BlackElo "1477"]

1. e4 e5 2. Nf3 Nc6 3. Nc3 Bc5 4. Nd5 Nf6 5. c4 Nb4 6. a3 Nbxd5 7. exd5 Ne4 8.
d4 Bxd4 9. Nxd4 exd4 10. Qxd4 Qe7 11. Be3 d6 12. Bd3 f5 13. Bxe4 fxe4 14. O-O
O-O 15. c5 dxc5 16. Qc4 b6 17. Rad1 h6 18. d6+ Qf7 19. Qxe4 Bf5 20. Qe7 Rae8 21.
Qxf7+ Rxf7 22. dxc7 Rxc7 23. Bf4 Rf7 24. h4 Bg4 25. f3 Bd7 26. Rd6 Rfe7 27. Bg3
Bb5 28. Rc1 Re2 29. b3 Ra2 30. a4 Be2 31. Rd7 c4 32. bxc4 Rxa4 33. Re1 Rxc4 34.
Kf2 Rc2 35. Kg1 a5 36. Bf4 a4 37. Ra7 b5 38. Bd6 Re6 39. Bb4 Rg6 40. Re7 Bxf3
41. Re8+ Kh7 42. R8e3 Rgxg2+ 43. Kh1 Rg1+ 44. Kxg1 Rg2+ 45. Kf1 Bd5 46. Re5 Bf3
47. Rxb5 Rh2 48. Rf5 Bg2+ 49. Kg1 Rxh4 50. Be7 Re4 51. Rxe4 Bxe4 52. Rf4 Bc6 53.
Kf2 g5 54. Rf6 h5 55. Rxc6 h4 56. Bxg5 h3 57. Rh6+ Kg7 58. Rxh3 Kg6 59. Bc1 Kf5
60. Ra3 Ke6 61. Rxa4 Kd5 62. Ke3 Kc5 63. Ba3+ Kb5 64. Rb4+ Ka5 65. Kd4 Ka6 66.
Kc5 Ka5 67. Bb2 Ka6 68. Rb5 Ka7 69. Kb4 Ka8 70. Kc5 Ka7 71. Bc3 Ka8 72. Kc6 Ka7
73. Rb6 Ka8 74. Bd4 Ka7 75. Kc7 Ka8 76. Rb8# 1-0

[Event "Challenge"]
[Site "http://www.queenalice.com/game.php?id=956998"]
[Date "2011.7.5"]
[Round "-"]
[White "acandidojr"]
[Black "APSHOOTER"]
[Result "0-1"]
[WhiteElo "1599"]
[BlackElo "1715"]

1. e4 d5 2. e5 Bf5 3. d4 a6 4. Nc3 e6 5. Nf3 h6 6. Bd3 Ne7 7. b4 Bxd3 8. Qxd3
Nf5 9. a3 Nc6 10. b5 axb5 11. Qxb5 Rb8 12. Na2 Be7 13. Nb4 O-O 14. Qd3 Bxb4+ 15.
axb4 Nxb4 16. Qb3 Qe7 17. Ba3 Ra8 18. Qb2 Nxc2+ 19. Qxc2 Rxa3 20. Rxa3 Qxa3 21.
O-O Ra8 22. Qxc7 Qb2 23. Rd1 Ra1 24. Re1 Rxe1+ 25. Nxe1 Nxd4 26. h3 Qd2 27. Kf1
Qe2+ 28. Kg1 Qxe1+ 29. Kh2 Ne2 30. h4 Qg1+ 31. Kh3 Qh1+ 32. Kg4 Qxg2+ 33. Kh5
Nf4# 0-1

[Event "Challenge"]
[Site "http://www.queenalice.com/game.php?id=956999"]
[Date "2011.7.5"]
[Round "-"]
[White "acandidojr"]
[Black "Admilton"]
[Result "1-0"]
[WhiteElo "1570"]
[BlackElo "1639"]

1. e4 d6 2. d4 d5 3. e5 e6 4. Nf3 Nc6 5. Bb5 Bd7 6. Bxc6 Bxc6 7. Nc3 Bb4 8. Bd2
Bxc3 9. Bxc3 f6 10. O-O fxe5 11. Nxe5 Bb5 12. Re1 Nf6 13. b3 Ne4 14. Qh5+ Ke7
15. Qf7+ 1-0

[Event "Challenge"]
[Site "http://www.queenalice.com/game.php?id=957338"]
[Date "2011.7.6"]
[Round "-"]
[White "acandidojr"]
[Black "esterodr"]
[Result "0-1"]
[WhiteElo "1627"]
[BlackElo "1772"]

1. e4 c6 2. d4 d5 3. e5 Bf5 4. Nf3 e6 5. c4 Ne7 6. Nc3 dxc4 7. Bxc4 Nd7 8. b4
Nb6 9. Bb3 Ned5 10. Bxd5 Nxd5 11. Nxd5 Qxd5 12. O-O Bxb4 13. a3 Be7 14. Bb2 O-O
15. a4 Bg4 16. h3 Bxf3 17. Qxf3 Qxf3 18. gxf3 Rfd8 19. f4 Rd5 20. Rfb1 Rad8 21.
a5 c5 22. Rd1 cxd4 23. Ra4 Bc5 24. Rc4 b6 25. a6 f6 26. exf6 gxf6 27. Kg2 Kf7
28. Kf3 e5 29. f5 Rg8 30. h4 h5 31. Ke2 Rg4 32. Rh1 e4 33. Bc1 d3+ 34. Ke1 Rxf5
35. Rf1 Rxh4 36. f3 Re5 37. f4 Re8 38. Bd2 e3 39. Bc3 e2 40. Rf3 Rh1+ 41. Kd2
Rd1# 0-1

[Event "Challenge"]
[Site "http://www.queenalice.com/game.php?id=959536"]
[Date "2011.7.12"]
[Round "-"]
[White "acandidojr"]
[Black "gambitmiau64"]
[Result "0-1"]
[WhiteElo "1721"]
[BlackElo "1650"]

1. e4 Nc6 2. d4 d5 3. e5 Bf5 4. Bb5 Qd7 5. Bxc6 Qxc6 6. Nc3 e6 7. h3 Bb4 8. Bd2
f6 9. a3 Bxc3 10. Bxc3 fxe5 11. Nf3 e4 12. Ne5 Qa6 13. b4 Nh6 14. Bd2 O-O-O 15.
Bxh6 Rde8 16. Bxg7 Rhg8 17. Qh5 Qa4 18. O-O Qxc2 19. Rac1 Qa4 20. Ra1 Bxh3 21.
Qxh3 Rxg7 22. Qh6 Reg8 23. g3 Qe8 24. a4 c6 25. Rac1 Qe7 26. b5 Qg5 27. Qxe6+
Kd8 28. Nf7+ Kc7 29. Qd6+ Kb6 30. Ne5 e3 31. Qc5+ Kc7 32. bxc6 Qf6 33. cxb7+ Kb8
34. Qxd5 exf2+ 35. Kg2 Rxg3+ 36. Kh2 Qh4# 0-1

[Event "Challenge"]
[Site "http://www.queenalice.com/game.php?id=960066"]
[Date "2011.7.14"]
[Round "-"]
[White "acandidojr"]
[Black "APSHOOTER"]
[Result "1-0"]
[WhiteElo "1669"]
[BlackElo "1680"]

1. e4 d5 2. e5 Bf5 3. d4 e6 4. Nf3 h6 5. a3 a6 6. Nc3 Nc6 7. b4 b5 8. Be2 Be7 9.
O-O f6 10. a4 Nxb4 11. axb5 a5 12. Na4 c5 13. c3 Nc2 14. Ra2 cxd4 15. Nxd4 Nxd4
16. Qxd4 Qc7 17. b6 Qb7 18. Bb5+ Kf7 19. Nc5 Qxb6 20. Na6 Qxb5 21. Nc7 Qb3 22.
Rb2 Qc4 23. Nxa8 Qxd4 24. cxd4 Bd8 25. Nb6 Bxb6 26. Rxb6 Ne7 27. Rb7 Re8 28. Ba3
g5 29. Bxe7 Rxe7 30. Rxe7+ Kxe7 31. Ra1 a4 32. Rxa4 Bc2 33. Ra7+ Ke8 34. Kf1 f5
35. Rh7 g4 36. Rxh6 Ke7 37. h4 f4 38. h5 f3 39. gxf3 gxf3 40. Rf6 Be4 41. h6 Bh7
42. Rxf3 Bg8 43. Rg3 Kf7 44. Rg7+ Kf8 45. f4 Bf7 46. Kf2 Bg8 47. Kg3 Bf7 48. Kh4
Bg8 49. Kg5 Bf7 50. Kf6 Bg8 51. h7 Bxh7 52. Rxh7 1-0

[Event "Challenge"]
[Site "http://www.queenalice.com/game.php?id=960072"]
[Date "2011.7.14"]
[Round "-"]
[White "acandidojr"]
[Black "nuage"]
[Result "0-1"]
[WhiteElo "1702"]
[BlackElo "1613"]

1. e4 e5 2. Nf3 Nc6 3. Nc3 Bc5 4. Bb5 Nf6 5. Bxc6 dxc6 6. h3 O-O 7. Nxe5 Re8 8.
Nf3 Nxe4 9. Nxe4 Rxe4+ 10. Kf1 Bf5 11. d3 Re7 12. d4 Bb6 13. c4 Ba5 14. a3 c5
15. d5 c6 16. Kg1 cxd5 17. cxd5 Rd7 18. Qb3 Rxd5 19. Bf4 Rc8 20. Qxb7 Bb6 21.
Qa6 Bd3 22. Qa4 c4 23. Qd1 Qf6 24. Bc1 Qd6 25. g3 Be4 26. Qe2 Qc5 27. Be3 Qb5
28. Kg2 Bd3 29. Qe1 Re8 30. Qc3 Bxe3 31. fxe3 Rxe3 32. Nd4 Be4+ 33. Kf2 Rxc3 34.
Nxb5 Rc2+ 35. Kg1 Bxh1 36. Nc3 Rdd2 37. Kxh1 Rh2+ 38. Kg1 Rxh3 39. Rd1 Rxg3+ 40.
Kf1 Rf3+ 41. Ke1 h6 42. Rd2 Re3+ 43. Kd1 Rxd2+ 44. Kxd2 Rd3+ 45. Kc2 f5 46. Ne2
g5 47. a4 f4 48. b3 Rxb3 49. Nd4 Ra3 50. Nf5 f3 51. Nxh6+ Kh7 52. Ng4 Rxa4 53.
Kc3 Ra2 54. Ne5 f2 55. Kxc4 f1=Q+ 56. Nd3 Ra4+ 57. Kc3 Qf6+ 58. Kd2 Ra2+ 59. Ke3
Ra3 60. Ke4 g4 61. Ne5 Ra4+ 62. Kd5 g3 63. Ng4 Qg5+ 64. Ne5 g2 65. Ke6 g1=Q 66.
Kd6 Qb6+ 67. Kd5 Qgd8+ 68. Nd7 Qxd7+ 69. Ke5 Qbe6# 0-1

[Event "Challenge"]
[Site "http://www.queenalice.com/game.php?id=960073"]
[Date "2011.7.14"]
[Round "-"]
[White "acandidojr"]
[Black "PitBullLoko"]
[Result "1/2-1/2"]
[WhiteElo "1625"]
[BlackElo "1599"]

1. e4 e5 2. Nf3 Nc6 3. c3 Nf6 4. d4 Nxd4 5. Nxd4 d6 6. Nf5 Nxe4 7. Qf3 d5 8. Bd3
Nf6 9. Bg5 e4 10. Qe2 Bxf5 11. Bxf6 Qxf6 12. Nd2 O-O-O 13. Bb5 a6 14. Ba4 Bd7
15. Bxd7+ Rxd7 16. Nb3 g6 17. Qg4 h5 18. Qh3 Bd6 19. O-O Qf5 20. Qe3 b6 21. Rac1
Qf4 22. g3 Qxe3 23. fxe3 f5 24. Rcd1 Be5 25. a4 c5 26. a5 Kc7 27. Ra1 Rb8 28.
axb6+ Rxb6 29. Nxc5 Rdd6 30. b4 Bxc3 31. Rac1 Rxb4 32. Rxc3 Kb6 33. Ra1 a5 34.
Na4+ Ka6 35. Rca3 Rc6 36. Nc3 Rc5 37. Kg2 d4 38. exd4 Rxd4 39. Rd1 Rxd1 40. Nxd1
Rd5 41. Ne3 Rd3 42. Rxd3 exd3 43. Kf2 Kb5 44. Ke1 Kc5 45. Kd2 Kd4 46. Nd1 a4 47.
Nc3 g5 48. Nxa4 f4 49. Nb2 fxg3 50. hxg3 h4 51. gxh4 gxh4 52. Nxd3 Ke4 53. Ke2
h3 54. Nf2+ Kf4 55. Nxh3+ Ke4 56. Nf2+ Kd4 57. Kd2 Ke5 58. Ke3 Kd5 59. Ng4 Kc4
60. Ke4 Kc5 61. Ne5 Kd6 62. Nf7+ Ke6 63. Ng5+ Kd6 64. Nf7+ Ke6 65. Ne5 Kd6 66.
Nf7+ Ke6 67. Ne5 Kd6 68. Nc4+ Kc5 69. Ne5 Kd6 70. Kd4 Ke6 71. Ng4 Kd6 72. Ne5
Ke6 73. Nc4 Kf5 74. Kd5 Kf6 75. Kd4 Kf5 76. Kd5 Kf4 77. Kd4 Kf5 1/2-1/2

[Event "Challenge"]
[Site "http://www.queenalice.com/game.php?id=960075"]
[Date "2011.7.14"]
[Round "-"]
[White "acandidojr"]
[Black "Diogolopes"]
[Result "1-0"]
[WhiteElo "1700"]
[BlackElo "1503"]

1. e4 Nc6 2. d4 d5 3. e5 a6 4. Nc3 b5 5. a3 e6 6. b4 Qh4 7. Nf3 Qh5 8. Be2 f6 9.
O-O fxe5 10. Nxe5 Qf5 11. Nxc6 g6 12. Bg4 Qf6 13. Be3 Bh6 14. h3 Bd7 15. Ne5 Bf4
16. Bxf4 Qxf4 17. Nxd7 Kxd7 18. Qe2 Re8 19. Rad1 h5 20. Bf3 Ne7 21. a4 Nc6 22.
axb5 Nxd4 23. Qd3 g5 24. Qxd4 Qxd4 25. Rxd4 axb5 26. Nxb5 c6 27. Nc3 e5 28. Rdd1
e4 29. Be2 Ke6 30. b5 cxb5 31. Nxb5 Rc8 32. c3 Rc5 33. Ra1 Ke5 34. Ra7 Rh6 35.
Re7+ Re6 36. Rxe6+ Kxe6 37. Nd4+ Kf6 38. Bxh5 Rxc3 39. Ne2 Rc2 40. Nd4 Rd2 41.
Nb3 Rb2 42. Nc1 d4 43. Re1 Rb1 44. Kh2 d3 45. Rd1 Ke5 46. f3 Kd4 47. fxe4 Kxe4
48. Nxd3 Rxd1 49. Bxd1 Kxd3 50. Kg3 Ke4 51. Kg4 Ke3 52. Kxg5 Kf2 53. g4 Kg3 54.
h4 Kf2 55. h5 1-0

[Event "Challenge"]
[Site "http://www.queenalice.com/game.php?id=960077"]
[Date "2011.7.14"]
[Round "-"]
[White "acandidojr"]
[Black "Givanildo"]
[Result "1-0"]
[WhiteElo "1588"]
[BlackElo "1615"]

1. e4 e5 2. Nf3 Qf6 3. Nc3 c6 4. d4 d6 5. d5 Bg4 6. Be2 h6 7. h3 Bd7 8. Bc4 b5
9. dxc6 Bxc6 10. Bxb5 a6 11. Bxc6+ Nxc6 12. Nd5 Qd8 13. c3 f5 14. exf5 e4 15.
Nd4 Ne5 16. Qh5+ g6 17. fxg6 Bg7 18. Bxh6 Rxh6 19. Qf5 Nd3+ 20. Kd2 Bxd4 21.
Qf7# 1-0

[Event "Challenge"]
[Site "http://www.queenalice.com/game.php?id=960081"]
[Date "2011.7.14"]
[Round "-"]
[White "acandidojr"]
[Black "WeffersoN_1988"]
[Result "1-0"]
[WhiteElo "1682"]
[BlackElo "1704"]

1. e4 e5 2. Nf3 d6 3. Nc3 Nf6 4. d4 exd4 5. Nxd4 h6 6. Bd3 c5 7. Ndb5 a6 8. Na3
b5 9. Nd5 Nxd5 10. exd5 Qe7+ 11. Be3 f5 12. O-O g5 13. Be2 f4 14. Bd2 Qe5 15.
Bc4 Qxb2 16. Qh5+ Kd8 17. Ba5+ Ke7 18. Rae1+ Kf6 19. Nb1 bxc4 20. Bc3+ Qxc3 21.
Nxc3 Bf5 22. Ne4+ Kg7 23. Rb1 Nd7 24. Rb7 Be7 25. Qe2 Rhe8 26. f3 Nf6 27. Nxf6
Kxf6 28. g4 Bg6 29. Qxc4 Bf8 30. Qc3+ Re5 31. a4 Be7 32. Re1 h5 33. Rxe7 Kxe7
34. Rxe5+ dxe5 35. Qxe5+ Kf7 36. Qe6+ Kg7 37. Qe7+ Kh6 38. d6 hxg4 39. fxg4 Re8
40. Qf6 Re2 41. d7 Rd2 42. Qc3 Rxd7 43. Qxc5 Rd1+ 44. Kf2 Rd2+ 45. Kf3 Rxc2 46.
Qf8+ Kh7 47. Qe7+ Kh6 48. Qf8+ Kh7 49. Qf6 Rxh2 50. Qxa6 Ra2 51. a5 Ra3+ 52. Kf2
Ra2+ 53. Ke1 f3 54. Qb7+ Kh6 55. Qxf3 Rxa5 56. Qf8+ Kh7 57. Kd2 Ra4 58. Qc8 Re4
59. Kc3 Kg7 60. Qc7+ Bf7 61. Qd7 Kg6 62. Qf5+ Kg7 63. Qxe4 Kh6 64. Qc6+ Bg6 65.
Kd4 Kh7 66. Qd7+ Kh6 67. Qd8 Bc2 68. Ke5 Bg6 69. Kf6 Be8 70. Qxe8 Kh7 71. Qg6+
Kh8 72. Qg7# 1-0

[Event "esconda o rei"]
[Site "http://www.queenalice.com/game.php?id=962119"]
[Date "2011.7.19"]
[Round "-"]
[White "nick_sallo"]
[Black "acandidojr"]
[Result "0-1"]
[WhiteElo "1690"]
[BlackElo "1675"]

1. e4 e5 2. Nf3 Nc6 3. Bc4 Nf6 4. Ng5 d5 5. exd5 Nxd5 6. Qf3 Qxg5 7. Qxd5 Be6 8.
Qb5 Bxc4 9. Qxc4 Qxg2 10. Qf1 Qe4+ 11. Kd1 Nd4 12. d3 Qf3+ 13. Kd2 Bc5 14. Rg1
O-O 15. Rg3 Qf4+ 16. Kd1 Qf6 17. Bg5 Qb6 18. Nd2 Qxb2 19. Rc1 Qxa2 20. Bf6 g6
21. Bxe5 Ba3 22. Rb1 Qxc2+ 23. Ke1 Rae8 24. Re3 Bc1 25. Qe2 Nxe2 26. Rxe2 Bxd2+
27. Kf1 Qxb1+ 28. Kg2 Qxd3 29. Bxc7 Qxe2 30. h4 Qg4+ 31. Bg3 f5 32. f3 Re2+ 33.
Kh1 Qxg3 34. f4 Qh2# 0-1

[Event "Challenge"]
[Site "http://www.queenalice.com/game.php?id=962856"]
[Date "2011.7.21"]
[Round "-"]
[White "acandidojr"]
[Black "reccar"]
[Result "1-0"]
[WhiteElo "1667"]
[BlackElo "1474"]

1. e4 e5 2. Nf3 Nc6 3. Nc3 Nf6 4. d4 d6 5. Bb5 Bd7 6. Bxc6 Bxc6 7. d5 Bd7 8. Bg5
Be7 9. Bxf6 Bxf6 10. b4 Bg4 11. h3 Bh5 12. Nb5 a6 13. Nc3 Rb8 14. O-O O-O 15.
Qd3 b5 16. Nd2 Qd7 17. Nb3 Bd8 18. Na5 Ra8 19. Nc6 Bf6 20. a4 Bg6 21. axb5 axb5
22. Qxb5 Rxa1 23. Rxa1 Bh4 24. Qe2 Rc8 25. Qb5 f6 26. Qb7 Rf8 27. Nb5 Be8 28.
Nxc7 Bg6 29. Ra8 Bxe4 30. Rxf8+ Kxf8 31. Ne6+ Ke8 32. Nxg7+ Qxg7 33. Qxg7 f5 34.
Qxh7 Bg5 35. Qh5+ Kd7 36. Qf7+ Kc8 37. b5 f4 38. b6 Bxc2 39. b7# 1-0

[Event "Challenge"]
[Site "http://www.queenalice.com/game.php?id=962857"]
[Date "2011.7.21"]
[Round "-"]
[White "acandidojr"]
[Black "Sylvan"]
[Result "1-0"]
[WhiteElo "1642"]
[BlackElo "1652"]

1. e4 e6 2. e5 Nc6 3. d4 d5 4. Nf3 h6 5. Bb5 Ne7 6. Bxc6+ Nxc6 7. c3 Be7 8. b4
O-O 9. O-O b6 10. a4 Bd7 11. b5 Na5 12. Bd2 Nc4 13. Be3 Nxe3 14. fxe3 c5 15. c4
Bg5 16. e4 Bc8 17. exd5 exd5 18. dxc5 bxc5 19. cxd5 Bb7 20. Nc3 Be3+ 21. Kh1 Bf4
22. d6 Bxf3 23. Qxf3 Bxe5 24. Rad1 Rb8 25. d7 Qe7 26. Nd5 Qe6 27. Rfe1 Rb7 28.
Ne7+ Qxe7 29. Qxb7 Rd8 30. Qxa7 c4 31. b6 Kh7 32. b7 c3 33. Qa5 Rxd7 34. Rxd7
Qxd7 35. Qxe5 Qxb7 36. Qxc3 1-0

[Event "Challenge"]
[Site "http://www.queenalice.com/game.php?id=962858"]
[Date "2011.7.21"]
[Round "-"]
[White "acandidojr"]
[Black "Sylvan"]
[Result "1-0"]
[WhiteElo "1624"]
[BlackElo "1670"]

1. e4 e6 2. e5 Nc6 3. d4 d5 4. Nf3 h6 5. Bb5 Ne7 6. Bxc6+ Nxc6 7. c3 Be7 8. O-O
O-O 9. b4 a5 10. b5 Nb8 11. a4 c5 12. c4 b6 13. Nc3 Bb7 14. Qb3 dxc4 15. Qd1
Bxf3 16. Qxf3 Ra7 17. dxc5 Bxc5 18. Qg3 Rd7 19. Bxh6 f6 20. Rae1 Rff7 21. Ne4
Be7 22. exf6 Bxf6 23. Nxf6+ Rxf6 24. Bg5 c3 25. Bxf6 Qxf6 26. Qxb8+ Kh7 27. Qxb6
c2 28. Qxa5 Rd5 29. Qb4 e5 30. b6 1-0

[Event "Challenge"]
[Site "http://www.queenalice.com/game.php?id=962861"]
[Date "2011.7.21"]
[Round "-"]
[White "acandidojr"]
[Black "PitBullLoko"]
[Result "1/2-1/2"]
[WhiteElo "1704"]
[BlackElo "1608"]

1. e4 e5 2. Nf3 Nc6 3. a3 a6 4. h3 Nf6 5. d4 d6 6. d5 Ne7 7. Bg5 Nxe4 8. Bxe7
Bxe7 9. Bd3 Nf6 10. Nc3 c6 11. dxc6 bxc6 12. b4 d5 13. Nxe5 Bb7 14. O-O Qd6 15.
Qe2 O-O 16. f4 Rfe8 17. Qf3 c5 18. Qg3 Ne4 19. Bxe4 dxe4 20. Rad1 Qh6 21. Rd7
Bh4 22. Qe3 Bc8 23. Rxf7 Rxe5 24. bxc5 Be6 25. Rb7 Rc8 26. Nxe4 Bd5 27. Qd4 Rf5
28. Nd6 Rxf4 29. Rxg7+ Qxg7 30. Qxd5+ Kh8 31. Rxf4 Rf8 32. Rxf8+ Qxf8 33. c6 Bg3
34. Ne4 Bc7 35. Qd4+ Kg8 36. Nf6+ Kf7 37. Qd7+ Qe7 38. Qd5+ Kxf6 39. Qf3+ Kg7
40. g4 Qc5+ 41. Kf1 Qxc2 42. Qd5 Qc1+ 43. Ke2 Qc2+ 44. Qd2 Qxc6 45. Qd4+ Kg8 46.
h4 Qe6+ 47. Kd3 Qg6+ 48. Kc3 Ba5+ 49. Kc4 Qc2+ 50. Kd5 Qb3+ 51. Qc4 Qxa3 52.
Qc8+ Kg7 53. Qxa6 Qa4 54. Qb7+ Kg6 55. Qa6+ Kg7 56. Qb7+ Kg6 57. Qa6+ Kg7 58.
Qa7+ Kg6 59. h5+ Kh6 60. Qa6+ Kg7 61. Qa7+ Kh6 62. Qa6+ Kg7 63. Qa7+ Kh6 64.
Qe3+ Kg7 65. Qe5+ Kg8 66. Qe6+ Kh8 67. Qf6+ Kg8 68. h6 Qd7+ 69. Kc5 Qf7 70. Qg5+
Kf8 71. Qe5 Bc7 72. Qh8+ Qg8 73. Qf6+ Qf7 74. Qh8+ Qg8 75. Qf6+ Qf7 76. Qh8+ Qg8
1/2-1/2

[Event "Challenge"]
[Site "http://www.queenalice.com/game.php?id=967870"]
[Date "2011.8.1"]
[Round "-"]
[White "RAFAELI"]
[Black "acandidojr"]
[Result "0-1"]
[WhiteElo "1655"]
[BlackElo "1626"]

1. e4 Nc6 2. c3 e5 3. Bc4 a6 4. Qf3 Nf6 5. d3 Bc5 6. Bg5 b5 7. Bd5 Bb7 8. b4 Be7
9. h4 Nxd5 10. exd5 Bxg5 11. hxg5 Ne7 12. c4 bxc4 13. dxc4 Ng6 0-1

[Event "Fuleragem"]
[Site "http://www.queenalice.com/game.php?id=971028"]
[Date "2011.8.10"]
[Round "-"]
[White "Gusmao"]
[Black "acandidojr"]
[Result "1-0"]
[WhiteElo "1549"]
[BlackElo "1636"]

1. e4 e5 2. Qh5 Nf6 3. Qxe5+ Be7 4. Bc4 Nc6 5. Qf4 Nd4 6. e5 Nxc2+ 7. Kd1 Nxa1
8. exf6 Bxf6 9. Qe4+ Be7 10. Qd5 Rf8 11. Nf3 c6 12. Qh5 h6 13. Ne5 d5 14. Bd3
Bf6 15. Nc3 Be6 16. Qe2 Bxe5 17. Qxe5 Kd7 18. Qxg7 h5 19. b3 Kc7 20. Bb2 d4 21.
Na4 Nxb3 22. Bxd4 Nxd4 23. Qg3+ Qd6 24. f4 Bg4+ 25. Kc1 Rad8 26. f5 Qxg3 27. Nc5
Qxg2 28. Re1 Nxf5 29. Kc2 Nd4+ 30. Kc3 1-0

[Event "Challenge"]
[Site "http://www.queenalice.com/game.php?id=971449"]
[Date "2011.8.11"]
[Round "-"]
[White "acandidojr"]
[Black "rafaelcanuto"]
[Result "0-1"]
[WhiteElo "1677"]
[BlackElo "1571"]

1. e4 e6 2. e5 f6 3. d4 d6 4. Bf4 g5 5. Qh5+ Kd7 6. Bd2 fxe5 7. dxe5 Nc6 8. Bb5
dxe5 9. Nf3 a6 10. Bxc6+ bxc6 11. Nxe5+ Ke7 12. Nxc6+ Kd6 13. Qf3 Qf6 14. Bb4+
Kd7 0-1

[Event "Challenge"]
[Site "http://www.queenalice.com/game.php?id=971450"]
[Date "2011.8.11"]
[Round "-"]
[White "rafaelcanuto"]
[Black "acandidojr"]
[Result "1-0"]
[WhiteElo "1549"]
[BlackElo "1699"]

1. e3 e5 2. Qf3 Nc6 3. Bb5 Nb4 4. Na3 c6 5. c3 Nd5 6. Bc4 Ngf6 7. Bxd5 Nxd5 8.
e4 Nf4 9. d4 Bxa3 10. bxa3 Ne6 11. dxe5 O-O 12. Qg3 f6 13. Bh6 Qa5 14. Nh3 1-0

[Event "Challenge"]
[Site "http://www.queenalice.com/game.php?id=977073"]
[Date "2011.8.26"]
[Round "-"]
[White "acandidojr"]
[Black "abreu"]
[Result "0-1"]
[WhiteElo "1699"]
[BlackElo "1228"]

1. e4 e5 2. Nf3 Nc6 3. Nc3 d6 4. Bb5 Nf6 5. Bxc6+ bxc6 6. d4 c5 7. d5 Ng4 8. O-O
c4 9. h3 Nf6 10. Bg5 Rb8 0-1

[Event "Challenge"]
[Site "http://www.queenalice.com/game.php?id=977103"]
[Date "2011.8.26"]
[Round "-"]
[White "Tuco"]
[Black "acandidojr"]
[Result "1-0"]
[WhiteElo "1510"]
[BlackElo "1643"]

1. e4 e5 2. Qh5 Nf6 3. Qxe5+ Be7 4. Nf3 Nc6 5. Qf4 d5 6. e5 Ne4 7. d3 Bg5 8.
Nxg5 Nxg5 9. Nc3 Ne6 10. Qf3 d4 11. Nd5 O-O 12. Qg3 Qxd5 13. c4 Qxe5+ 14. Kd1 f5
15. Bh6 Qxg3 16. hxg3 gxh6 17. Rxh6 Ne5 18. Be2 1-0